| 000 | 00468nam a22001457a 4500 | ||
|---|---|---|---|
| 003 | NUST | ||
| 082 | _a621.382 | ||
| 100 |
_aKhokher, Muhammad Rizwan _935129 |
||
| 245 |
_aImage Segmentation based on Fuzzy Rule Based System and Multilevel Graph Cuts / _cMuhammad Rizwan Khokher |
||
| 260 |
_aRawalpindi _b MCS - NUST, _c2012 |
||
| 300 | _a62 p. ; 30cm | ||
| 650 |
_aElectrical Engineering-MS-Thesis _916073 |
||
| 700 |
_aDr. Abdul Ghafoor _916207 |
||
| 942 |
_2ddc _cTHE |
||
| 999 |
_c608426 _d608426 |
||